000 00912nam a22002655i 4500
001 171894
003 ES-MaACL
005 20230906214746.0
008 090605s1985 sp |||| | spa d
020 _a84-505-2704-X
080 _a382(46)
080 _a336.745.3(4)
245 0 0 _aMedios de pago en el comercio internacional.
260 _aMadrid :
_bBanco Exterior de España, Servicio de Estudios Económicos,
_c[1985]
300 _a2 v. ;
_c19 cm.
490 1 _aManuales Extebank ;
_v14-15
505 8 _aContiene: 1. Créditos documentarios (111 p.) 2. Otras formas de pago (87 p.)
650 1 4 _aPagos internacionales-
_zEspaña.
_9140519
651 4 _aEspaña-
_xComercio exterior.
_98178
710 0 0 _aBanco Exterior de España.
_92123
830 0 _aManuales Extebank ;
_v14-15
_9223228
852 _aES-MaACL
_jL-11939-40
_9R.114101
852 _aES-MaACL
_jL-12664-65
999 _c171894
_d171894